1481 1617 1923 1413 1635 1382 1741 1655 1304 1893 1866 1919 1105 1670 1070 1745 1417 1171 1857 1908 1006 1181 1067 1080 1941 1031 1798 1964 1838 1181 1046 1461 1286 1804 1217 1635 1002 1972 1653 1441 1023 1400 1422 1724 1997 1168 1831 1507 1261 1260 1023 1703 1712 1095 1726 1958 1008 1570 1722 1690 1199 1762 1487 1146 1581 1227 1301 1631 1604 1377 1262 1078 1694 1701 1943 1134 1248 1171 1166 1484 1724 1352 1641 1038 1709 1574 1752 1240 1300 1862 1331 1385 1893 1315 1874 1806 1511 1624 1140 BCNSPRNW ULIB Ver.6.0+V

เปลี่ยนเป็นภาษาไทย

Change to English
 แสดงรายละเอียดบรรณานุกรม
  กลับหน้าหลัก

Brief Record : Get Marc (ISO 2709) : E-mail record : QR code < ปิดหน้าต่าง
LEADER : 00000nam 2200000uu 4500
001    13399114589
003     ULIB
008    120418s2551||||th 000 0 tha d
020    ^a9789741656981
090    ^aนว.^bก389ต 2551
100 0  ^aกันติมา
245 00 ^aตามรักคืนใจให้สองเรา/^cกันติมา
250    ^aพิมพ์ครั้งที่ 1
260    ^aกรุงเทพฯ :^bกรีนมายด์,^c2551
300    ^a317 หน้า
710 1  ^aกรีนมายด์
945    ^p229^l0^i15314
995    ^aกัณชพร
999    ^aใช้งานได้ทุกระบบ
รายการนี้ยังไม่มีแท็ก
คุณยังไม่ได้ล็อกอิน คุณสามารถมีกิจกรรมร่วมกับเว็บไซต์ได้ แต่ต้องล็อกอินก่อน ::
  ล็อกอิน

รายการสื่อสารสนเทศ

ลำดับที่ ประเภท เลขเรียก/บาร์โค้ด สถานที่ สถานะ
1. วิทยาศาสตร์การแพทย์ และสุขภาพ
วิทยาศาสตร์การแพทย์ และสุขภาพ
นว. ก389ต 2551  
  Barcode: 15314
ห้องสมุดวิทยาเขตสวรรค์ประชารักษ์
►นวนิยาย
บนชั้น
  ขอยืม

BibComment


ยังไม่เคยถูกคอมเมนท์

คอมเมนท์ทรัพยากรรายการนี้
  คอมเมนท์: ตามรักคืนใจให้สอ..


 Copyright 2026. Bcnsprnw @Library